| 000 | 00635nam a22001817a 4500 | ||
|---|---|---|---|
| 003 | BD-DhUL | ||
| 005 | 20180508100207.0 | ||
| 008 | 180508s1959 bg ||||| |||| 00| 0 ben d | ||
| 040 |
_aBD-DhUL _cBD-DhUL |
||
| 082 |
_a891.443 _bABS |
||
| 100 | 1 | _aচৌধুরী, আবদুল গাফফার | |
| 245 | 0 | 0 |
_aসম্রাটের ছবি / _cআবদুল গাফফার চৌধুরী |
| 260 |
_aঢাকা : _bসমকাল, _c১৯৫৯। |
||
| 300 |
_a১৩৯ পৃ. ; _c২২ সেমি. |
||
| 650 | 4 | _aবাংলা উপন্যাস | |
| 650 | 4 | _aBengali fiction | |
| 942 |
_2ddc _cBK |
||
| 999 |
_c241055 _d241055 |
||